| 000 | 01590cam a2200409 i 4500 | ||
|---|---|---|---|
| 001 | 1209363 | ||
| 003 | CZ PrSKC | ||
| 005 | 20250909102416.0 | ||
| 007 | ta | ||
| 008 | 231023s2023 xr abc g 000 0 cze d | ||
| 020 | _a9788076872400 | ||
| 040 |
_aHKA001 _bcze _dLIA001 _erda |
||
| 041 | 1 |
_acze _hspa |
|
| 072 | 7 |
_a59 _xZoologie _2Konspekt |
|
| 080 |
_a599 _2MRF-sel |
||
| 080 |
_a591.5 _2MRF-sel |
||
| 100 | 1 |
_aGarcía Nieto, Eliseo, _d1966- _4aut _919745 |
|
| 240 | 1 | 0 |
_aMagnífico libro de las ballenas. _lČesky |
| 245 | 1 | 0 |
_aNádherný svět moří a oceánů. _pVelryby / _cEliseo García Nieto ; ilustrace Pilar Pascualová ; překlad: Hana Jovanovičová |
| 246 | 3 | 0 | _aVelryby |
| 250 | _a1. vydání | ||
| 264 | 1 |
_aŘíčany : _bSUN, _c2023 |
|
| 300 |
_a81 stran : _bbarevné ilustrace, mapy, 1 portrét ; _c36 cm |
||
| 500 | _aPřeloženo ze španělštiny | ||
| 500 | _aČástečně tištěno napříč | ||
| 520 | 2 | _aVelkoformátová kniha s realistickými ilustracemi přibližuje fascinující svět velryb. Popisuje, jak se starají o svá mláďata, jak se dorozumívají a svolávají ke společnému lovu, nebo jak volají o pomoc. | |
| 650 | 0 | 7 |
_akytovci _2czenas _919746 |
| 650 | 0 | 7 |
_avelrybovití _2czenas _919747 |
| 650 | 0 | 7 |
_aekologie živočichů _2czenas _9218 |
| 655 | 7 |
_apopulárně-naučné publikace _9223 |
|
| 655 | 7 |
_aobrazové publikace _9809 |
|
| 655 | 7 |
_apublikace pro děti _93 |
|
| 700 | 1 |
_aPascual, Pilar _q(Pascual García), _d1976- _4ill _919748 |
|
| 700 | 1 |
_aJovanovičová, Hana, _d1951- _4trl _914425 |
|
| 910 | _aABG508 | ||
| 999 |
_c33528 _d33528 |
||